书目信息 |
| 题名: |
中国西部大开发的战略与对策
|
|
| 作者: | 延军平 著 | |
| 分册: | ||
| 出版信息: | 北京 科学出版社 2001 |
|
| 页数: | 268页 | |
| 开本: | 20cm | |
| 丛书名: | ||
| 单 册: | ||
| 中图分类: | F127.4 | |
| 科图分类: | ||
| 主题词: | 经济--中国 | |
| 电子资源: | ||
| ISBN: | 7-03-008674-0 | |
| 000 | 00553nam0 2200181 450 | |
| 001 | 0736196517 | |
| 005 | 20221011160021.08 | |
| 010 | @a7-03-008674-0@d¥17.00 | |
| 100 | @a20070924d km y0chiy0120 ea | |
| 101 | 0 | @achi |
| 200 | 1 | @a中国西部大开发的战略与对策@Azhong guo xi bu da kai fa de zhan lue yu dui ce@f延军平 等著@Fyan jun ping deng zhu |
| 210 | @a北京@c科学出版社@d2001 | |
| 215 | @a268页@d20cm | |
| 606 | 0 | @a经济@x中国 |
| 690 | @aF127.4@v3 | |
| 701 | 0 | @a延军平@Ayan jun ping@4著 |
| 801 | 0 | @aCN@bPFT@c20070924 |
| 905 | @a213230@dF127.4@eZY4@f1 | |
| 中国西部大开发的战略与对策/延军平 等著.-北京:科学出版社,2001 |
| 268页;20cm |
| ISBN 7-03-008674-0:¥17.00 |
| ● |
| 相关链接 |
|
|
|
|
正题名:中国西部大开发的战略与对策
索取号:F127.4/ZY4
 
预约/预借
| 序号 | 登录号 | 条形码 | 馆藏地/架位号 | 状态 | 备注 |
| 1 | 7900489 | 279004890 | 密集书库-资源管理系/ [索取号:F127.4/ZY4] | 在馆 |